000 00536nam a2200169 4500
003 OSt
005 20221116165536.0
008 221111b |||||||| |||| 00| 0 eng d
040 _cBiblioteca Lado V
082 _a708
_bM986b
110 _9446
_aMuseo Nacional de Artes Visuales
_eautor
245 _aHermenegildo Sabat en el Museo de Artes Visuales/
260 _c1999
_aMuseo Nacional de Artes Visuales
_bUruguay
300 _a163p.
_c24x31cm
700 _aSalas, Carlos
_eautor
942 _2ddc
_c1
_h708
_iM986b
_n0
999 _c2664
_d2664